| 000 | 02495nam a22002417a 4500 | ||
|---|---|---|---|
| 003 | Uzh_bibl | ||
| 008 | 260525b |||||||| |||| 00| 0 ukr d | ||
| 020 |
_a978-0-00-733958-7 _c100.00 |
||
| 040 | _bукр. | ||
| 041 |
_2eng _aeng |
||
| 080 | _a821(410) | ||
| 090 |
_a821(410) _bМ 83 |
||
| 100 | _a Morpurgo, Michael | ||
| 245 |
_a An Elephant in the Garden _hText _cil.M.Foreman |
||
| 260 |
_aLondon _bHarperCollins Children's Books _c2010 |
||
| 300 | _a232 s. | ||
| 520 | _aIt’s 1945, and the bombing of Dresden is imminent. Before the bombs start to fall, Lizzie’s zookeeper mother brings home the one animal she can’t bear to lose: Marlene, the elephant. When Lizzie and her family join the thousands of other refugees fleeing the city, they end up with more than one unusual companion . . .Захопливий і зворушливий роман про надзвичайну тварину, що опинилася у дуже людській війні, для всіх, хто любив «Дивовижну історію Адольфуса» чи «Метелика-лева»! Автор — колишня лауреатка дитячої премії та авторка книги «Бойовий кінь». Дрезден, 1945. Мати Елізабет і Карлі працює в зоопарку, де її улюбленою твариною є молодий слон на ім'я Марлен. Тоді директор зоопарку каже їй, що небезпечних тварин — включно зі слонами — потрібно розстріляти до того, як місто підірветься. Не в змозі віддати Марлен, їхня мати переносить її в задній сад, щоб врятувати! І тоді починають падати бомби. Їхній дім зруйнований, і вся сім'я змушена тікати з розбомбленого міста через небезпечний, засніжений ландшафт, уникаючи російських військ, які наближаються все ближче. Це було б і так важко зробити без слона на руках! | ||
| 521 | _aДля підлітків | ||
| 525 | _aДля старшого шкільного віку | ||
| 546 | _aукр. | ||
| 650 | _aЛітературно-художне видання | ||
| 942 |
_2udc _cBK |
||
| 999 |
_c17964 _d17964 |
||